000 00705nam a22001575i 4500
001 171162
003 ES-MaACL
005 20230906214545.0
008 090430s1875 sp |||| | spa d
100 1 _aMadán y García, Augusto E.
_9129328
245 1 3 _aEl gran suplicio
_b: zarzuela en dos actos y en verso /
_carreglada a la escena española por A. E. M. García ; música de H. Fréderic.
260 _aMadrid :
_b[s.n.],
_c1875 (
_fImp. de José Rodríguez)
300 _a66 p. ;
_c18 cm.
500 _aSolo la letra.
852 _aES-MaACL
_jF-8588(8)
_z.- Enc. pasta española
_q.- Falto de la cub. original
_z.- Enc. en un vol. facticio formando parte de la col. "Teatro español moderno", vol. 41
999 _c171162
_d171162